000
00259nam a22001217a 4500
082
_a
894.812.3
_b
RAM/S
100
_a
RAMAN,THENALI
245
_a
SWARNAMAMBAZHAM
260
_a
THRISSUR
_b
H&C PUBLISHING
300
_a
48
650
_a
STORY
_z
THRISSUR
942
_c
BK
999
_c
6938
_d
6938